| 000 | 00753nam a22002417a 4500 | ||
|---|---|---|---|
| 001 | 5819 | ||
| 003 | FISKH | ||
| 005 | 20250123105904.0 | ||
| 008 | 250123b cb ||||| |||| 00| 0 eng d | ||
| 020 | _a9781571454805 | ||
| 040 |
_aFISKH _beng _cFISKH _dFISKH |
||
| 050 | _aGC21.D39 | ||
| 082 | _a551.46 | ||
| 100 | _aDay, Trevor | ||
| 245 |
_aOcean / _cby Trevor Day |
||
| 260 |
_aLondon : _bSilver Dolphin , _c2000. |
||
| 300 |
_a84 pages : _bcolor illustrations ; _c26 cm . |
||
| 490 | _aPopular Science | ||
| 520 | _aProvides information on the ocean, the types of animals that live there, the people who work with oceans, and the various functions the ocean serves. | ||
| 650 |
_aoceans _vnon-fiction |
||
| 942 |
_2ddc _cBK _n0 |
||
| 999 |
_c5819 _d5819 |
||